Traité de droit romain
Salvato in:
| Autore principale: | |
|---|---|
| Natura: | Libro |
| Lingua: | francese |
| Pubblicazione: |
París
Firmin Didot Frères
1841
|
| Soggetti: | |
| Tags: |
Aggiungi Tag
Nessun Tag, puoi essere il primo ad aggiungerne!!
|
MARC
| LEADER | 00000nam a2200000 a 4500 | ||
|---|---|---|---|
| 001 | UCL1067 | ||
| 003 | CL-VaPUC | ||
| 008 | 030829e18410000FR |||||||||||||||||fre|d | ||
| 082 | 0 | 4 | |a 340.54 |b SAV |2 21 |
| 100 | 0 | |a Savigny, Friedrich Karl von |e author |9 402582 | |
| 245 | 1 | 0 | |a Traité de droit romain |
| 300 | |a v | ||
| 942 | |c BK | ||
| 945 | |d 20030829 00:00:00 |a cmena | ||
| 260 | |a París |b Firmin Didot Frères |c 1841 | ||
| 650 | 0 | |a Derecho romano |9 255930 | |
| 650 | 0 | |a Derecho natural |9 255041 | |
| 650 | 0 | |a Filosofía del derecho |9 255050 | |
| 650 | 0 | |a Historia del derecho |9 255109 | |
| 583 | |a last modification |c 20190723 09:59:16 |k Rodrigo Vera | ||
| 999 | |c 304749 |d 304747 | ||
| 952 | |0 0 |1 0 |4 0 |6 340_540000000000000_SAV_1841 |7 0 |8 DER_ROM |9 367462 |a BIBDER |b BIBDER |d 2019-11-21 |h v.2 |i 2040999 |o 340.54 SAV 1841 |p 2040999 |r 2023-01-25 |w 2019-11-21 |x Ubicación 4to piso |y BK |z Este recurso debe solicitarse con anticipación |k DER | ||